00788 2200181 4500245004200000020002200042250001100064100002300075700002100098650001600119005001900135260004200154041001400196084000800210300002300218500035600241336000900597 aLuc dan AkucChalifour, FrancishText a978-979-22-2614-0 aCet. 2 aChalifour, Francis aAlexandra Karina aNovel Fiksi a20231003142753 aJakartabGramedia Pustaka Utamac2007 aIndonesia a813 a184 hlm. :c20 cm. aLuc tahu banyak hal; ia bisa mengikat tali sepatunya, menghitung sampai dua puluh, dan menyanyikan lagu dengan bahasa Spanyol. Tapi ia tidak terlalu mengerti tentang kematian. Lalu bagaimana caranyamemberitahu adikku yang masih kecil ini bahwa papa sudah meninggal. Bahwa, bagaimanapun papa sangat menyayangi kami dan akan terus selamanya sayang kami. atext